Využitie kvadratického priraďovacieho problému pri rozmiestňovaní autovrakovísk

Možné riešenie kvadratického priraďovacieho problému ako potenciálneho nástroja na optimalizáciu siete spracovateľov druhotných surovín na báze existujúceho umiestnenia autovrakovísk prostredníctvom optimalizačného programového systému GAMS. Politika odpadového hospodárstva v EÚ.

Salvato in:
Dettagli Bibliografici
Autore principale: Brezina, Ivan, 1963-
Altri autori: Pekár, Juraj, 1972-
Natura: Capitolo di libro
Lingua:slovacco
Soggetti:
Tags: Aggiungi Tag
Nessun Tag, puoi essere il primo ad aggiungerne!!

MARC

LEADER 00000naa a2200000 4500
001 0270801
005 20240502074240.7
041 0 |a slo 
044 |a SK 
245 1 0 |a Využitie kvadratického priraďovacieho problému pri rozmiestňovaní autovrakovísk  |c Ivan Brezina, Juraj Pekár 
520 |a Možné riešenie kvadratického priraďovacieho problému ako potenciálneho nástroja na optimalizáciu siete spracovateľov druhotných surovín na báze existujúceho umiestnenia autovrakovísk prostredníctvom optimalizačného programového systému GAMS. Politika odpadového hospodárstva v EÚ. 
610 2 0 |a odpad 
610 2 0 |a hospodárstvo odpadové 
610 2 0 |a automobily 
610 2 0 |a Európska únia 
100 1 |a Brezina, Ivan, 1963- 
700 1 |a Pekár, Juraj, 1972-